[Event "DEM U8 2024"]
[Site "Willingen GER"]
[Date "2024.05.22"]
[Round "1"]
[White "Gerhardt, Noah"]
[Black "Yarmish, Tymofeii"]
[Result "0-1"]
[Termination "normal"]
[Board "15"]
[WhiteElo "1244"]
[BlackElo "1087"]
[WhiteClock "00:38:45"]
[BlackClock "00:36:13"]
[PlyCount "102"]
[WhiteFideId "34696083"]
[BlackFideId "34691898"]
[EventCountry "GER"]
[EventRounds "7"]
[EventType "swiss"]
[EventDate "2024.05.21"]

1. e4 {[%clk 01:00:29]} Nc6 {[%clk 01:00:22]} {[%emt 00:00:09]} 2. Nf3 {[%clk
01:00:36]} {[%emt 00:00:08]} e5 {[%clk 01:00:27]} {[%emt 00:00:10]} 3. Bc4
{[%clk 01:00:44]} {[%emt 00:00:08]} Be7 {[%clk 01:00:20]} {[%emt 00:00:21]} 4.
O-O {[%clk 01:00:41]} {[%emt 00:00:18]} Nf6 {[%clk 01:00:26]} {[%emt 00:00:10]}
5. Nc3 {[%clk 01:00:46]} {[%emt 00:00:10]} O-O {[%clk 01:00:27]} {[%emt
00:00:15]} 6. d3 {[%clk 01:00:54]} {[%emt 00:00:06]} d6 {[%clk 00:59:42]}
{[%emt 00:01:00]} 7. h3 {[%clk 01:00:50]} {[%emt 00:00:19]} h6 {[%clk
00:59:07]} {[%emt 00:00:51]} 8. Be3 {[%clk 01:00:51]} {[%emt 00:00:13]} a6
{[%clk 00:58:05]} {[%emt 00:01:18]} 9. Re1 {[%clk 01:00:35]} {[%emt 00:00:31]}
Re8 {[%clk 00:57:42]} {[%emt 00:00:37]} 10. Qd2 {[%clk 01:00:12]} {[%emt
00:00:38]} Kh7 {[%clk 00:54:52]} {[%emt 00:03:05]} 11. Bxf7 {[%clk 00:59:52]}
{[%emt 00:00:34]} Rf8 {[%clk 00:54:41]} {[%emt 00:00:26]} 12. Bb3 {[%clk
00:59:43]} {[%emt 00:00:25]} Qe8 {[%clk 00:53:19]} {[%emt 00:01:37]} 13. Rad1
{[%clk 00:59:08]} {[%emt 00:00:49]} Nh5 {[%clk 00:51:37]} {[%emt 00:01:58]} 14.
Nd5 {[%clk 00:58:37]} {[%emt 00:01:10]} Bd8 {[%clk 00:50:19]} {[%emt 00:01:58]}
15. c4 {[%clk 00:57:10]} {[%emt 00:01:43]} Qg6 {[%clk 00:49:36]} {[%emt
00:00:58]} 16. c5 {[%clk 00:56:16]} {[%emt 00:01:09]} Bxh3 {[%clk 00:49:07]}
{[%emt 00:00:41]} 17. Ng5+ {[%clk 00:55:10]} {[%emt 00:01:24]} Bxg5 {[%clk
00:47:47]} {[%emt 00:01:35]} 18. Bxg5 {[%clk 00:55:06]} {[%emt 00:00:19]} Bxg2
{[%clk 00:46:45]} {[%emt 00:01:17]} 19. Kxg2 {[%clk 00:54:57]} {[%emt
00:00:24]} Qxg5+ {[%clk 00:45:46]} {[%emt 00:01:13]} 20. Qxg5 {[%clk 00:55:00]}
{[%emt 00:00:14]} hxg5 {[%clk 00:45:46]} {[%emt 00:00:15]} 21. cxd6 {[%clk
00:54:51]} {[%emt 00:00:24]} cxd6 {[%clk 00:45:43]} {[%emt 00:00:16]} 22. Nb6
{[%clk 00:54:51]} {[%emt 00:00:17]} Rad8 {[%clk 00:44:56]} {[%emt 00:01:01]}
23. Be6 {[%clk 00:53:47]} {[%emt 00:01:19]} Nf4+ {[%clk 00:44:47]} {[%emt
00:00:25]} 24. Kg3 {[%clk 00:53:24]} {[%emt 00:00:37]} Nxe6 {[%clk 00:44:52]}
{[%emt 00:00:10]} 25. Rh1+ {[%clk 00:53:10]} {[%emt 00:00:29]} Kg6 {[%clk
00:44:39]} {[%emt 00:00:29]} 26. Rh2 {[%clk 00:52:16]} {[%emt 00:01:09]} Nf4
{[%clk 00:43:58]} {[%emt 00:00:56]} 27. Rdh1 {[%clk 00:51:51]} {[%emt
00:00:34]} Nxd3 {[%clk 00:43:47]} {[%emt 00:00:30]} 28. b3 {[%clk 00:51:09]}
{[%emt 00:00:59]} Nd4 {[%clk 00:43:07]} {[%emt 00:00:55]} 29. Nd5 {[%clk
00:49:47]} {[%emt 00:01:36]} Rf3+ {[%clk 00:42:55]} {[%emt 00:00:27]} 30. Kg2
{[%clk 00:49:18]} {[%emt 00:00:40]} Rxf2+ {[%clk 00:42:33]} {[%emt 00:00:40]}
31. Kg3 {[%clk 00:48:55]} {[%emt 00:00:37]} Rxh2 {[%clk 00:41:47]} {[%emt
00:01:02]} 32. Rxh2 {[%clk 00:48:58]} {[%emt 00:00:10]} Rf8 {[%clk 00:41:32]}
{[%emt 00:00:32]} 33. Ne7+ {[%clk 00:48:16]} {[%emt 00:00:55]} Kf7 {[%clk
00:41:21]} {[%emt 00:00:28]} 34. Nf5 {[%clk 00:46:57]} {[%emt 00:01:34]} Nxf5+
{[%clk 00:41:16]} {[%emt 00:00:20]} 35. exf5 {[%clk 00:47:03]} {[%emt
00:00:09]} Kg8 {[%clk 00:40:57]} {[%emt 00:00:35]} 36. Rd2 {[%clk 00:46:51]}
{[%emt 00:00:24]} Nf4 {[%clk 00:40:15]} {[%emt 00:00:59]} 37. Rxd6 {[%clk
00:46:52]} {[%emt 00:00:15]} Rxf5 {[%clk 00:39:55]} {[%emt 00:00:35]} 38. Kg4
{[%clk 00:46:52]} {[%emt 00:00:14]} g6 {[%clk 00:39:45]} {[%emt 00:00:25]} 39.
Rd7 {[%clk 00:46:10]} {[%emt 00:00:56]} Rf7 {[%clk 00:39:39]} {[%emt 00:00:22]}
40. Rd1 {[%clk 00:44:48]} {[%emt 00:01:34]} Kg7 {[%clk 00:39:23]} {[%emt
00:00:34]} 41. Kxg5 {[%clk 00:44:20]} {[%emt 00:00:42]} Ne6+ {[%clk 00:38:03]}
{[%emt 00:01:37]} 42. Kg4 {[%clk 00:44:13]} {[%emt 00:00:21]} e4 {[%clk
00:38:04]} {[%emt 00:00:16]} 43. Re1 {[%clk 00:43:24]} {[%emt 00:01:04]} Rf4+
{[%clk 00:38:03]} {[%emt 00:00:16]} 44. Kg3 {[%clk 00:43:23]} {[%emt 00:00:15]}
g5 {[%clk 00:38:04]} {[%emt 00:00:15]} 45. a4 {[%clk 00:41:57]} {[%emt
00:01:41]} Kg6 {[%clk 00:37:25]} {[%emt 00:00:55]} 46. b4 {[%clk 00:41:01]}
{[%emt 00:01:12]} Kh5 {[%clk 00:37:16]} {[%emt 00:00:23]} 47. Rh1+ {[%clk
00:40:51]} {[%emt 00:00:25]} Rh4 {[%clk 00:37:21]} {[%emt 00:00:10]} 48. Re1
{[%clk 00:40:58]} {[%emt 00:00:08]} Nd4 {[%emt 00:02:49]} 49. b5 {[%clk
00:39:39]} {[%emt 00:00:03]} axb5 {[%clk 00:36:17]} {[%emt 00:00:15]} 50. axb5
{[%clk 00:39:45]} {[%emt 00:00:10]} b6 {[%clk 00:36:23]} {[%emt 00:00:09]} 51.
Re3 {[%clk 00:38:45]} {[%emt 00:01:14]} Nf5+ {[%clk 00:36:13]} {[%emt
00:00:25]} 0-1

[Event "DEM U8 2024"]
[Site "Willingen GER"]
[Date "2024.05.22"]
[Round "1"]
[White "Weis, Robert"]
[Black "Schimming, Wilhelm"]
[Result "1/2-1/2"]
[Termination "normal"]
[Board "16"]
[WhiteElo "1082"]
[BlackElo "1242"]
[WhiteClock "00:50:21"]
[BlackClock "00:40:36"]
[PlyCount "109"]
[WhiteFideId "1362810"]
[BlackFideId "34662030"]
[EventCountry "GER"]
[EventRounds "7"]
[EventType "swiss"]
[EventDate "2024.05.21"]

1. Nf3 {[%clk 01:00:27]} {[%emt 00:00:02]} d5 {[%clk 00:58:32]} {[%emt
00:01:58]} 2. c4 {[%clk 01:00:35]} {[%emt 00:00:07]} d4 {[%clk 00:58:43]}
{[%emt 00:00:05]} 3. d3 {[%clk 01:00:34]} {[%emt 00:00:16]} c5 {[%clk
00:54:35]} {[%emt 00:04:24]} 4. Bf4 {[%clk 01:00:33]} {[%emt 00:00:15]} e6
{[%clk 00:53:42]} {[%emt 00:01:08]} 5. Nbd2 {[%clk 01:00:36]} {[%emt 00:00:11]}
Bd6 {[%clk 00:53:52]} {[%emt 00:00:06]} 6. Bxd6 {[%clk 01:00:01]} {[%emt
00:00:48]} Qxd6 {[%clk 00:53:44]} {[%emt 00:00:24]} 7. Ne4 {[%clk 01:00:04]}
{[%emt 00:00:11]} Qb6 {[%clk 00:53:43]} {[%emt 00:00:18]} 8. Qd2 {[%clk
00:59:59]} {[%emt 00:00:20]} Ne7 {[%clk 00:52:47]} {[%emt 00:01:10]} 9. g3
{[%clk 01:00:04]} {[%emt 00:00:10]} O-O {[%clk 00:52:53]} {[%emt 00:00:09]} 10.
Bg2 {[%clk 00:59:50]} {[%emt 00:00:29]} h6 {[%clk 00:53:00]} {[%emt 00:00:08]}
11. Qc2 {[%clk 00:59:08]} {[%emt 00:00:57]} Nbc6 {[%clk 00:51:19]} {[%emt
00:01:56]} 12. O-O {[%clk 00:59:05]} {[%emt 00:00:17]} f5 {[%clk 00:51:21]}
{[%emt 00:00:13]} 13. Nd6 {[%clk 00:58:01]} {[%emt 00:01:19]} Qc7 {[%clk
00:51:26]} {[%emt 00:00:10]} 14. Nb5 {[%clk 00:57:59]} {[%emt 00:00:17]} Qb6
{[%clk 00:51:15]} {[%emt 00:00:26]} 15. a3 {[%clk 00:57:54]} {[%emt 00:00:20]}
a6 {[%clk 00:50:56]} {[%emt 00:00:33]} 16. Nd6 {[%clk 00:58:00]} {[%emt
00:00:09]} Qc7 {[%clk 00:51:03]} {[%emt 00:00:08]} 17. Nxc8 {[%clk 00:58:04]}
{[%emt 00:00:11]} Raxc8 {[%clk 00:51:13]} {[%emt 00:00:06]} 18. Qb3 {[%clk
00:57:43]} {[%emt 00:00:36]} Ng6 {[%clk 00:50:49]} {[%emt 00:00:39]} 19. h3
{[%clk 00:57:19]} {[%emt 00:00:39]} Rce8 {[%clk 00:49:05]} {[%emt 00:01:59]}
20. e3 {[%clk 00:56:02]} {[%emt 00:01:31]} dxe3 {[%clk 00:49:04]} {[%emt
00:00:16]} 21. fxe3 {[%clk 00:55:54]} {[%emt 00:00:22]} Qxg3 {[%clk 00:49:08]}
{[%emt 00:00:11]} 22. Qxb7 {[%clk 00:55:21]} {[%emt 00:00:49]} Nce5 {[%clk
00:40:24]} {[%emt 00:09:00]} 23. Nxe5 {[%clk 00:53:47]} {[%emt 00:01:49]} Nxe5
{[%clk 00:40:27]} {[%emt 00:00:12]} 24. d4 {[%clk 00:53:39]} {[%emt 00:00:23]}
Qxe3+ {[%clk 00:40:29]} {[%emt 00:00:13]} 25. Kh1 {[%clk 00:53:33]} {[%emt
00:00:20]} Qxd4 {[%clk 00:40:33]} {[%emt 00:00:11]} 26. Qxa6 {[%clk 00:53:17]}
{[%emt 00:00:32]} Nxc4 {[%clk 00:40:34]} {[%emt 00:00:14]} 27. b3 {[%clk
00:52:51]} {[%emt 00:00:41]} Ne3 {[%clk 00:40:38]} {[%emt 00:00:12]} 28. Rg1
{[%clk 00:51:20]} {[%emt 00:01:45]} Nxg2 {[%clk 00:40:46]} {[%emt 00:00:07]}
29. Qb7 {[%clk 00:51:03]} {[%emt 00:00:32]} Qd5 {[%clk 00:40:18]} {[%emt
00:00:42]} 30. Qxd5 {[%clk 00:51:07]} {[%emt 00:00:11]} exd5 {[%clk 00:40:29]}
{[%emt 00:00:05]} 31. Rxg2 {[%clk 00:50:57]} {[%emt 00:00:24]} Re3 {[%clk
00:40:38]} {[%emt 00:00:07]} 32. Rd2 {[%clk 00:50:18]} {[%emt 00:00:53]} d4
{[%clk 00:40:15]} {[%emt 00:00:38]} 33. Rc1 {[%clk 00:50:13]} {[%emt 00:00:20]}
Rxh3+ {[%clk 00:40:24]} {[%emt 00:00:07]} 34. Kg2 {[%clk 00:50:23]} {[%emt
00:00:05]} Rxb3 {[%clk 00:40:33]} {[%emt 00:00:06]} 35. Rxc5 {[%clk 00:50:21]}
{[%emt 00:00:17]} g6 {[%clk 00:40:32]} {[%emt 00:00:16]} 36. Rxd4 {[%clk
00:50:17]} {[%emt 00:00:19]} Rxa3 {[%clk 00:40:33]} {[%emt 00:00:14]} 37. Rc6
{[%clk 00:50:11]} {[%emt 00:00:21]} Rb8 {[%clk 00:40:24]} {[%emt 00:00:24]} 38.
Rd2 {[%clk 00:50:03]} {[%emt 00:00:22]} Kh8 {[%clk 00:39:04]} {[%emt 00:01:36]}
39. Rxg6 {[%clk 00:49:40]} {[%emt 00:00:38]} Rg8 {[%clk 00:39:15]} {[%emt
00:00:05]} 40. Rxg8+ {[%clk 00:49:38]} {[%emt 00:00:16]} Kxg8 {[%clk 00:39:24]}
{[%emt 00:00:06]} 41. Rd5 {[%clk 00:48:58]} {[%emt 00:00:56]} f4 {[%clk
00:39:06]} {[%emt 00:00:33]} 42. Rf5 {[%clk 00:49:05]} {[%emt 00:00:07]} f3+
{[%clk 00:39:06]} {[%emt 00:00:16]} 43. Rxf3 {[%clk 00:49:10]} {[%emt
00:00:10]} Rxf3 {[%clk 00:39:17]} {[%emt 00:00:04]} 44. Kxf3 {[%clk 00:49:15]}
{[%emt 00:00:09]} Kg7 {[%clk 00:39:22]} {[%emt 00:00:10]} 45. Kg2 {[%clk
00:49:23]} {[%emt 00:00:08]} Kg6 {[%clk 00:39:34]} {[%emt 00:00:03]} 46. Kh1
{[%clk 00:49:24]} {[%emt 00:00:13]} Kh5 {[%clk 00:39:41]} {[%emt 00:00:08]} 47.
Kg1 {[%clk 00:49:29]} {[%emt 00:00:10]} Kg4 {[%clk 00:39:52]} {[%emt 00:00:04]}
48. Kg2 {[%clk 00:49:34]} {[%emt 00:00:10]} h5 {[%clk 00:40:04]} {[%emt
00:00:04]} 49. Kh2 {[%clk 00:49:40]} {[%emt 00:00:09]} h4 {[%clk 00:39:50]}
{[%emt 00:00:29]} 50. Kg2 {[%clk 00:49:49]} {[%emt 00:00:05]} h3+ {[%clk
00:39:59]} {[%emt 00:00:06]} 51. Kh2 {[%clk 00:49:54]} {[%emt 00:00:10]} Kh4
{[%clk 00:40:12]} {[%emt 00:00:03]} 52. Kh1 {[%clk 00:49:59]} {[%emt 00:00:10]}
Kg3 {[%clk 00:40:23]} {[%emt 00:00:04]} 53. Kg1 {[%clk 00:50:04]} {[%emt
00:00:11]} h2+ {[%clk 00:40:27]} {[%emt 00:00:11]} 54. Kh1 {[%clk 00:50:12]}
{[%emt 00:00:07]} Kf2 {[%clk 00:40:36]} {[%emt 00:00:06]} 55. Kxh2 {[%clk
00:50:21]} {[%emt 00:00:06]} 1/2-1/2

[Event "DEM U8 2024"]
[Site "Willingen GER"]
[Date "2024.05.22"]
[Round "1"]
[White "Liu, Peilin"]
[Black "Zielke, Antonin"]
[Result "1-0"]
[Termination "normal"]
[Board "17"]
[WhiteElo "1605"]
[BlackElo "1519"]
[WhiteClock "00:23:29"]
[BlackClock "00:44:52"]
[PlyCount "69"]
[WhiteFideId "8643792"]
[BlackFideId "34661824"]
[EventCountry "GER"]
[EventRounds "7"]
[EventType "swiss"]
[EventDate "2024.05.21"]

1. e4 {[%clk 01:00:25]} {[%emt 00:00:04]} e5 {[%clk 01:00:19]} {[%emt
00:00:12]} 2. Nf3 {[%clk 01:00:27]} {[%emt 00:00:13]} Nc6 {[%clk 01:00:23]}
{[%emt 00:00:10]} 3. Bc4 {[%clk 01:00:23]} {[%emt 00:00:18]} Nf6 {[%clk
01:00:11]} {[%emt 00:00:26]} 4. d3 {[%clk 01:00:02]} {[%emt 00:00:38]} Bc5
{[%clk 01:00:12]} {[%emt 00:00:13]} 5. c3 {[%clk 00:59:31]} {[%emt 00:00:46]}
O-O {[%clk 00:59:52]} {[%emt 00:00:36]} 6. b4 {[%clk 00:59:39]} {[%emt
00:00:08]} Bb6 {[%clk 00:59:35]} {[%emt 00:00:30]} 7. b5 {[%clk 00:59:31]}
{[%emt 00:00:23]} Ne7 {[%clk 00:59:17]} {[%emt 00:00:33]} 8. Nxe5 {[%clk
00:59:30]} {[%emt 00:00:15]} d6 {[%clk 00:57:32]} {[%emt 00:02:02]} 9. Nf3
{[%clk 00:58:56]} {[%emt 00:00:49]} Bg4 {[%clk 00:57:22]} {[%emt 00:00:22]} 10.
O-O {[%clk 00:58:04]} {[%emt 00:01:10]} c6 {[%clk 00:56:35]} {[%emt 00:01:03]}
11. a4 {[%clk 00:56:00]} {[%emt 00:02:17]} d5 {[%clk 00:56:36]} {[%emt
00:00:14]} 12. exd5 {[%clk 00:54:41]} {[%emt 00:01:34]} cxd5 {[%clk 00:56:39]}
{[%emt 00:00:13]} 13. Bb3 {[%clk 00:54:27]} {[%emt 00:00:29]} Qd6 {[%clk
00:56:02]} {[%emt 00:00:51]} 14. Be3 {[%clk 00:53:57]} {[%emt 00:00:42]} Bc7
{[%clk 00:55:30]} {[%emt 00:00:51]} 15. Nbd2 {[%clk 00:52:48]} {[%emt
00:01:25]} Nf5 {[%clk 00:54:43]} {[%emt 00:01:01]} 16. Bg5 {[%clk 00:45:49]}
{[%emt 00:07:14]} h6 {[%clk 00:54:15]} {[%emt 00:00:43]} 17. Bxf6 {[%clk
00:45:30]} {[%emt 00:00:34]} Qxf6 {[%clk 00:54:12]} {[%emt 00:00:18]} 18. Bxd5
{[%clk 00:44:20]} {[%emt 00:01:26]} Rab8 {[%clk 00:53:26]} {[%emt 00:01:01]}
19. Ne4 {[%clk 00:42:43]} {[%emt 00:01:50]} Qg6 {[%clk 00:53:19]} {[%emt
00:00:24]} 20. Ng3 {[%clk 00:40:27]} {[%emt 00:02:30]} Bxg3 {[%clk 00:50:38]}
{[%emt 00:02:55]} 21. fxg3 {[%clk 00:40:15]} {[%emt 00:00:29]} Ne3 {[%clk
00:50:19]} {[%emt 00:00:33]} 22. Qb3 {[%clk 00:36:53]} {[%emt 00:03:30]} Nxf1
{[%clk 00:50:13]} {[%emt 00:00:29]} 23. Rxf1 {[%clk 00:36:34]} {[%emt
00:00:34]} Qxd3 {[%clk 00:50:03]} {[%emt 00:00:14]} 24. Rf2 {[%clk 00:34:07]}
{[%emt 00:02:46]} b6 {[%clk 00:49:50]} {[%emt 00:00:34]} 25. Ne5 {[%clk
00:33:36]} {[%emt 00:00:46]} Qe3 {[%clk 00:49:00]} {[%emt 00:01:05]} 26. Nxg4
{[%emt 00:00:59]} Qc5 {[%emt 00:00:24]} 27. Ne5 {[%clk 00:30:38]} {[%emt
00:01:49]} Rbe8 {[%clk 00:48:27]} {[%emt 00:00:48]} 28. Bxf7+ {[%clk 00:28:30]}
{[%emt 00:02:24]} Kh8 {[%clk 00:46:51]} {[%emt 00:01:48]} 29. Ng6+ {[%clk
00:28:23]} {[%emt 00:00:25]} Kh7 {[%clk 00:46:38]} {[%emt 00:00:28]} 30. Nxf8+
{[%clk 00:28:17]} {[%emt 00:00:22]} Rxf8 {[%clk 00:46:24]} {[%emt 00:00:26]}
31. Qc2+ {[%clk 00:27:38]} {[%emt 00:00:57]} Kh8 {[%clk 00:46:17]} {[%emt
00:00:21]} 32. Bg6 {[%clk 00:25:10]} {[%emt 00:02:44]} Rf6 {[%clk 00:45:44]}
{[%emt 00:00:47]} 33. Kf1 {[%clk 00:24:32]} {[%emt 00:00:50]} Re6 {[%clk
00:45:43]} {[%emt 00:00:16]} 34. Qd3 {[%clk 00:23:29]} {[%emt 00:01:20]} Rd6
{[%clk 00:44:52]} {[%emt 00:01:03]} 35. Rf8# {[%emt 00:00:15]} 1-0

[Event "DEM U8 2024"]
[Site "Willingen GER"]
[Date "2024.05.22"]
[Round "1"]
[White "Schulze, Jonas"]
[Black "Wachtel, Edwin"]
[Result "1/2-1/2"]
[Termination "normal"]
[Board "18"]
[WhiteElo "986"]
[BlackElo "1217"]
[WhiteClock "00:34:05"]
[BlackClock "00:26:21"]
[PlyCount "151"]
[WhiteFideId "34687912"]
[BlackFideId "533014183"]
[EventCountry "GER"]
[EventRounds "7"]
[EventType "swiss"]
[EventDate "2024.05.21"]

1. e4 {[%clk 01:00:29]} c6 {[%clk 01:00:09]} {[%emt 00:00:23]} 2. d4 {[%clk
01:00:38]} {[%emt 00:00:06]} d5 {[%clk 01:00:08]} {[%emt 00:00:16]} 3. Nd2
{[%clk 01:00:46]} {[%emt 00:00:08]} Bd7 {[%clk 00:59:32]} {[%emt 00:00:50]} 4.
Bd3 {[%clk 00:59:55]} {[%emt 00:01:06]} g6 {[%clk 00:58:45]} {[%emt 00:01:03]}
5. Ngf3 {[%clk 00:59:58]} {[%emt 00:00:11]} Bg7 {[%clk 00:58:32]} {[%emt
00:00:29]} 6. O-O {[%clk 00:59:43]} {[%emt 00:00:30]} Bg4 {[%clk 00:58:35]}
{[%emt 00:00:12]} 7. h3 {[%clk 00:59:42]} {[%emt 00:00:16]} Bxf3 {[%clk
00:58:29]} {[%emt 00:00:21]} 8. Nxf3 {[%clk 00:59:47]} {[%emt 00:00:08]} Nd7
{[%clk 00:57:11]} {[%emt 00:01:34]} 9. Re1 {[%clk 00:59:43]} {[%emt 00:00:19]}
e6 {[%clk 00:56:29]} {[%emt 00:00:57]} 10. Bd2 {[%clk 00:59:00]} {[%emt
00:00:58]} Ne7 {[%clk 00:55:41]} {[%emt 00:01:04]} 11. Qe2 {[%clk 00:58:54]}
{[%emt 00:00:20]} O-O {[%clk 00:54:56]} {[%emt 00:00:59]} 12. Rad1 {[%clk
00:59:00]} {[%emt 00:00:09]} Qb6 {[%clk 00:54:16]} {[%emt 00:00:54]} 13. b3
{[%clk 00:58:36]} {[%emt 00:00:39]} c5 {[%clk 00:52:51]} {[%emt 00:01:41]} 14.
Be3 {[%clk 00:58:27]} {[%emt 00:00:25]} cxd4 {[%clk 00:49:34]} {[%emt
00:03:31]} 15. Bxd4 {[%clk 00:58:33]} {[%emt 00:00:09]} Bxd4 {[%clk 00:48:59]}
{[%emt 00:00:50]} 16. Nxd4 {[%clk 00:58:21]} {[%emt 00:00:27]} Rad8 {[%clk
00:42:21]} {[%emt 00:06:52]} 17. Nf3 {[%emt 00:00:57]} dxe4 {[%emt 00:01:36]}
18. Bxe4 {[%clk 00:55:46]} {[%emt 00:00:18]} Nc5 {[%clk 00:41:38]} {[%emt
00:00:58]} 19. Rxd8 {[%clk 00:55:37]} {[%emt 00:00:24]} Rxd8 {[%clk 00:41:44]}
{[%emt 00:00:09]} 20. Bd3 {[%clk 00:55:29]} {[%emt 00:00:23]} Nc6 {[%clk
00:39:32]} {[%emt 00:02:26]} 21. Rd1 {[%clk 00:54:21]} {[%emt 00:01:23]} a6
{[%clk 00:38:37]} {[%emt 00:01:10]} 22. Bc4 {[%clk 00:51:40]} {[%emt 00:02:56]}
Rxd1+ {[%clk 00:37:51]} {[%emt 00:01:01]} 23. Qxd1 {[%clk 00:51:42]} {[%emt
00:00:15]} Ne4 {[%emt 00:01:54]} 24. Qe1 {[%emt 00:00:40]} Nd6 {[%clk
00:35:18]} {[%emt 00:01:21]} 25. Bd3 {[%clk 00:50:47]} {[%emt 00:00:31]} Qa5
{[%clk 00:34:38]} {[%emt 00:00:57]} 26. Qxa5 {[%clk 00:50:40]} {[%emt
00:00:21]} Nxa5 {[%clk 00:34:45]} {[%emt 00:00:08]} 27. Kf1 {[%clk 00:50:32]}
{[%emt 00:00:22]} Kf8 {[%clk 00:34:36]} {[%emt 00:00:23]} 28. Ke1 {[%clk
00:50:08]} {[%emt 00:00:40]} Ke7 {[%clk 00:34:41]} {[%emt 00:00:10]} 29. Kd2
{[%emt 00:00:06]} Nc6 {[%emt 00:00:58]} 30. c4 {[%clk 00:48:57]} {[%emt
00:00:22]} f5 {[%clk 00:34:20]} {[%emt 00:00:34]} 31. Ng5 {[%clk 00:48:55]}
{[%emt 00:00:19]} h6 {[%clk 00:34:22]} {[%emt 00:00:13]} 32. Nf3 {[%clk
00:48:54]} {[%emt 00:00:16]} e5 {[%clk 00:32:56]} {[%emt 00:01:41]} 33. Nh4
{[%clk 00:47:27]} {[%emt 00:01:41]} e4 {[%emt 00:00:41]} 34. Be2 {[%emt
00:00:34]} Kf6 {[%clk 00:32:27]} {[%emt 00:00:03]} 35. g3 {[%clk 00:47:20]}
{[%emt 00:00:19]} Nf7 {[%clk 00:32:05]} {[%emt 00:00:36]} 36. Ng2 {[%emt
00:00:27]} Nfe5 {[%emt 00:01:30]} 37. Ke3 {[%clk 00:46:39]} {[%emt 00:00:06]}
g5 {[%clk 00:30:30]} {[%emt 00:01:13]} 38. Bh5 {[%clk 00:45:47]} {[%emt
00:01:06]} Ng6 {[%clk 00:30:21]} {[%emt 00:00:25]} 39. Be2 {[%clk 00:45:41]}
{[%emt 00:00:22]} Ke5 {[%emt 00:00:35]} 40. f4+ {[%clk 00:43:53]} {[%emt
00:01:49]} exf3 {[%emt 00:00:48]} 41. Bxf3 {[%clk 00:43:53]} {[%emt 00:00:10]}
f4+ {[%clk 00:29:37]} {[%emt 00:00:25]} 42. gxf4+ {[%clk 00:43:54]} {[%emt
00:00:14]} Nxf4 {[%clk 00:28:43]} {[%emt 00:01:08]} 43. Nxf4 {[%clk 00:43:58]}
{[%emt 00:00:12]} gxf4+ {[%clk 00:28:40]} {[%emt 00:00:17]} 44. Kf2 {[%clk
00:43:17]} {[%emt 00:00:53]} a5 {[%emt 00:01:47]} 45. Bg2 {[%clk 00:41:51]}
{[%emt 00:00:46]} Nd8 {[%clk 00:28:13]} {[%emt 00:00:07]} 46. Bf3 {[%clk
00:41:47]} {[%emt 00:00:19]} b6 {[%clk 00:28:18]} {[%emt 00:00:11]} 47. a3
{[%emt 00:01:40]} Ne6 {[%clk 00:28:10]} {[%emt 00:00:19]} 48. b4 {[%clk
00:40:26]} {[%emt 00:00:14]} Kd4 {[%clk 00:27:48]} {[%emt 00:00:38]} 49. Be2
{[%clk 00:39:34]} {[%emt 00:01:05]} Ng5 {[%clk 00:27:33]} {[%emt 00:00:32]} 50.
h4 {[%clk 00:37:45]} {[%emt 00:02:02]} Ne4+ {[%clk 00:27:31]} {[%emt 00:00:18]}
51. Kf3 {[%clk 00:37:39]} {[%emt 00:00:22]} Nd2+ {[%clk 00:26:58]} {[%emt
00:00:48]} 52. Kxf4 {[%clk 00:37:36]} {[%emt 00:00:16]} Nxc4 {[%clk 00:26:01]}
{[%emt 00:01:14]} 53. Bxc4 {[%clk 00:37:18]} {[%emt 00:00:34]} Kxc4 {[%clk
00:26:09]} {[%emt 00:00:06]} 54. Kf5 {[%clk 00:37:25]} {[%emt 00:00:08]} axb4
{[%clk 00:26:16]} {[%emt 00:00:09]} 55. axb4 {[%clk 00:37:19]} {[%emt
00:00:21]} Kxb4 {[%clk 00:26:25]} {[%emt 00:00:06]} 56. Kg6 {[%emt 00:00:10]}
b5 {[%clk 00:26:31]} {[%emt 00:00:07]} 57. Kxh6 {[%clk 00:37:26]} {[%emt
00:00:13]} Ka3 {[%clk 00:26:42]} {[%emt 00:00:04]} 58. Kg7 {[%clk 00:37:22]}
{[%emt 00:00:21]} b4 {[%clk 00:26:49]} {[%emt 00:00:08]} 59. h5 {[%clk
00:37:18]} {[%emt 00:00:18]} b3 {[%clk 00:27:00]} {[%emt 00:00:04]} 60. h6
{[%emt 00:00:16]} b2 {[%clk 00:27:03]} {[%emt 00:00:08]} 61. h7 {[%emt
00:00:08]} b1=Q {[%emt 00:00:14]} 62. h8=Q {[%emt 00:00:15]} Qg1+ {[%emt
00:00:10]} 63. Kf7 {[%clk 00:35:57]} {[%emt 00:00:23]} Qa7+ {[%clk 00:27:16]}
{[%emt 00:00:30]} 64. Kg8 {[%clk 00:35:13]} {[%emt 00:00:58]} Qb8+ {[%clk
00:27:14]} {[%emt 00:00:18]} 65. Kg7 {[%clk 00:35:10]} {[%emt 00:00:17]} Qc7+
{[%clk 00:27:26]} {[%emt 00:00:05]} 66. Kg8 {[%emt 00:00:24]} Qd8+ {[%emt
00:00:13]} 67. Kg7 {[%clk 00:34:29]} {[%emt 00:00:18]} Qe7+ {[%clk 00:27:30]}
{[%emt 00:00:11]} 68. Kg8 {[%clk 00:34:01]} {[%emt 00:00:42]} Qe8+ {[%clk
00:27:34]} {[%emt 00:00:13]} 69. Kg7 {[%clk 00:34:02]} {[%emt 00:00:14]} Qe7+
{[%clk 00:26:50]} {[%emt 00:00:57]} 70. Kg8 {[%clk 00:34:06]} {[%emt 00:00:11]}
Qe6+ {[%clk 00:26:58]} {[%emt 00:00:06]} 71. Kg7 {[%clk 00:34:05]} {[%emt
00:00:15]} Qg4+ {[%clk 00:27:06]} {[%emt 00:00:08]} 72. Kh7 {[%clk 00:33:48]}
{[%emt 00:00:32]} Qf5+ {[%clk 00:27:00]} {[%emt 00:00:21]} 73. Kg7 {[%clk
00:33:50]} {[%emt 00:00:12]} Qg5+ {[%clk 00:26:35]} {[%emt 00:00:39]} 74. Kh7
{[%clk 00:33:46]} {[%emt 00:00:20]} Qh5+ {[%clk 00:26:43]} {[%emt 00:00:08]}
75. Kg7 {[%clk 00:33:56]} {[%emt 00:00:05]} Qxh8+ {[%clk 00:26:21]} {[%emt
00:00:37]} 76. Kxh8 {[%clk 00:34:05]} {[%emt 00:00:05]} 1/2-1/2